000 00418nam a2200133Ia 4500
008 180815s9999 xx 000 0 und d
020 _a9789719258032
100 _aYbañez, Roy C.
245 _cRoy C. Ybañez.--
_aInvestment management in the Philippine setting /
250 _a3rd ed
260 _aQuezon City :
_bUniversity of the Philippines
_c2016
300 _a450 pages.
650 _aInvestments -- Philippines.
999 _c358321
_d358321